000 00996nas a22002537a 4500
005 20140905154347.0
006 a|||||r|||| 00| 0
007 ta
008 140905b xxu||||| |||| 00| 0 eng d
022 _a0972-8279
022 _a0974-942X (Electonic)
245 _aJournal of the maxillofacial and oral surgery :
_bofficial publication of the Association of Oral and Maxillofacial Surgeons of India
260 _aMangalore :
_bAssociation of Oral and Maxillofacial Surgeons of India
_c2014-
260 _aNew Delhi
_bSpinger India
300 _av.
_c24 cm (Pbk)
310 _aquarterly
362 _avol 13 No 1 Jan-March 2014
500 _aAn official publication of Association of Oral and Maxillofacial Surgeons of India
650 _aMaxillofacial
650 _aOral surgery
856 _uwww.springer.com/12663
270 _aDr. Manjunath Rai Rai Dental Speciality Clinic K.S. Rao Road
_bMangalore
_e575 001, rai.aomsi@gmail.com
_mrai.aomsi@gmail.com
942 _2ddc
_cSR
_s1
999 _c88364
_d88364